00730cam a22002411 4500001001300000003000400013005001700017008004100034010001700075035002000092040002100112042001200133050001800145100002700163245008300190260004500273300003300318502002500351500001000376600005100386651003400437999001700471g 01001819 DLC20260227111256.0890204s1900 gw 000 0 ger  ag 01001819  a(OCoLC)19103002 aDLCcCUdCUdDLC apremarc00aDD901.M15bF31 aFaust, Wilhelm,d1875-04aDer streit des erzbishofs Günther II. mit der stadt Magdeburg. 1429-1435 ... aHalle a.S.,bDruck von E. Karras,c1900. a2 p. l., 58 p., 1 l.c23 cm. aInaug.-diss.--Halle. aVita.00aGüntherbII,cabp. of Magdeburg,d1382-1442. 0aMagdeburg (Germany)xHistory. c23844d23844